000
00289nam a22001337a 4500
008
171025b xxu||||| |||| 00| 0 eng d
020
_a
9781403312563
041
_a
eng
080
_a
336.2
100
_a
55
101
_a
TAK
245
_a
TAX EINSTEIN SQUEALS
_c
BAGBY,B
942
_2
udc
_c
BK
999
_c
35835
_d
35835